000 00367nam a2200157Ia 4500
003 OSt
005 20240124102705.0
008 170524s9999 xx 000 0 und d
020 _a0 8189928643
040 _cIIMT UNIVERSITY
100 _aRAMA SIMON
245 0 _aFIELD AND WAVES IN COMMUNICATION ELECTRONICS
260 _bWiley
260 _c2008
942 _2ddc
_c02
999 _c5737
_d5737